Shakespeare's Plays - Statistics

General Stats
  • This quiz has been taken 169 times
    160 since last reset
  • The average score is 21 of 37
Answer Stats
Play % Correct
Othello
89%
Macbeth
88%
Henry 5
85%
Hamlet
84%
Romeo and Juliet
84%
King Lear
77%
Richard 3
77%
Richard 2
76%
Julius Caesar
74%
Henry 8
73%
Midsummer Night's Dream
73%
Much Ado About Nothing
70%
Antony and Cleopatra
69%
King John
63%
Merchant of Venice
61%
Tempest
58%
Merry Wives of Windsor
57%
Twelfth Night
57%
As You Like It
56%
Taming of The Shrew
56%
All's Well That Ends Well
52%
Coriolanus
52%
Love's Labour's Lost
50%
Two Gentlemen of Verona
50%
Titus Andronicus
48%
Winter's Tale
48%
Comedy of Errors
47%
Troilus and Cressida
45%
Pericles
43%
Cymbeline
39%
Measure for Measure
38%
Timon of Athens
38%
Henry 4, Part 1
36%
Henry 4, Part 2
36%
Henry 6, Part 1
32%
Henry 6, Part 2
32%
Henry 6, Part 3
27%
No matching quizzes found
Score Distribution
Percent of People with Each Score
Percentile by Number Answered
Your Score History
You have not taken this quiz since the last reset